| 000 | 00626nam a2200169 i 4500 | ||
|---|---|---|---|
| 001 | 183922 | ||
| 003 | ES-MaACL | ||
| 005 | 20250902004949.0 | ||
| 008 | 141127s1912 sp |||| | spa d | ||
| 110 | 1 |
_aEspaña. _bMinisterio de Estado. _93866 |
|
| 245 | 1 | 0 |
_aReglamento para la admisión temporal de mercancías por las aduanas de Marruecos _b: (22 de diceimbre de 1911). |
| 260 |
_a[Madrid] : _bCentro de Información Comercial del Ministerio de Estado, _c1912. |
||
| 300 |
_a11 p. ; _c23 cm. |
||
| 710 | 2 |
_aCentro de Información Comercial (España) _9149580 |
|
| 852 |
_aES-MaACL _jT-1412-F-6 |
||
| 999 |
_c183922 _d183922 |
||